00996nam a2200241 i 4500001000700000003000900007005001700016007000300033008004100036100002800077245020700105260003300312300002600345490005300371650002200424700003600446700002200482700002800504830006200532852002100594999001900615952012000634101616ES-MaACL20250806075141.0t|051021s1925 sp ||||1| spa d1 aMeirowsky, Emil.97985213aLa sífilis con especial consideración de los órganos internos... /cbajo la dirección de E. Meirowsky y F. Pinkus; con un apéndice del Prof. Dr. A. von Wassemann; traducido por Ignacio Bofill. aBarcelona : bLabor, c1925. aXV, 594 p. ; c24 cm.1 aespecialidades en la medicina práctica ; vVII04aSífilis.9170921 aWassermann, August von.91161531 aPinkus, F.9921551 aBofill, Ignacio.92977404aLas especialidades en la medicina prácticavVII9182799 aES-MaACLjC-6698 c101616d101616 00104070aATENEOMbATENEOMcSPALd2008-01-17eSCl0oC-6698p1106088r2023-02-23 00:00:00w2023-02-23yMONOGRAFIA